| 000 -ლიდერი |
| ფიქსირებული სიგრძის საკონტროლო ველი |
01738nam a2200301Ia 4500 |
| 001 - საკონტროლო ნომერი |
| საკონტროლო ველი |
20066 |
| 003 - საკონტროლო ნომრის იდენტიფიკატორი |
| საკონტროლო ველი |
GE_BSU |
| 005 - ბოლო ოპერაციის თარიღი და დრო |
| საკონტროლო ველი |
20250417113409.0 |
| 008 - ფიქსირებული სიგრძის მონაცემთა ელემენტები - ზოგადი ინფორმაცია |
| ფიქსირებული სიგრძის საკონტროლო ველი |
181216s1998||||ge |||||||||||||| ||geo|| |
| 040 ## - კატალოგიზაციის წყარო |
| Transcribing agency |
GE_BSU |
| 041 ## - ენის კოდი |
| Language code of text/sound track or separate title |
geo |
| 080 ## - უნივერსალური ათობითი კლასიფიკაციის ინდექსი |
| Universal Decimal Classification number |
629.33 ა-34 |
| 245 ## - ცნობა სათაურის შესახებ |
| Title |
ავტომობილის სადატვირთვო რეჟიმები და საიმედოობა / |
| Statement of responsibility, etc |
თ. რუსაძე, ა. ლეჟავა, გ. ცირეკიძე, მ. ფერაძე, თ. მამალაძე, ნ. ღვინეფაძე ; რედ. : გ. ჩიტიძე. |
| 264 ## - წარმოების, გამოცემის, დისტრიბუციის და სხვა ცნობები |
| გამოცემის, წარმოების, დისტრიბუციის... ადგილი |
ქუთაისი : |
| გამოცემის, წარმოების, დისტრიბუციის... სახელწოდება |
ქუთაისი გ. ტაბიძის სახ. სააქციო საზ-ბა ''სტამბის საგამომცემლო ცენტრი, |
| გამოცემის, წარმოების, დისტრიბუციის... თარიღი |
1998. |
| 300 ## - ფიზიკური აღწერა |
| Extent |
296 გვ. ; |
| Dimensions |
21 სმ. |
| 653 ## - INDEX TERM--UNCONTROLLED |
| Uncontrolled term |
ავტომობილის სადატვირთვო რეჟიმები და საიმედოობა |
| 653 ## - INDEX TERM--UNCONTROLLED |
| Uncontrolled term |
სატრანსპორტო საშუალებათა ტექნიკა |
| 653 ## - INDEX TERM--UNCONTROLLED |
| Uncontrolled term |
ტრანსპორტი |
| 700 ## - ADDED ENTRY--PERSONAL NAME |
| Personal name |
რუსაძე, თ. |
| Relator term |
ავტორი |
| 9 (RLIN) |
24856 |
| 700 ## - ADDED ENTRY--PERSONAL NAME |
| Personal name |
ლეჟავა, ა. |
| Relator term |
ავტორი |
| 9 (RLIN) |
24006 |
| 700 ## - ADDED ENTRY--PERSONAL NAME |
| Personal name |
ცირეკიძე, გ. |
| Relator term |
ავტორი |
| 9 (RLIN) |
24857 |
| 700 ## - ADDED ENTRY--PERSONAL NAME |
| Personal name |
ფერაძე, მ. |
| Relator term |
ავტორი |
| 9 (RLIN) |
24858 |
| 700 ## - ADDED ENTRY--PERSONAL NAME |
| Personal name |
მამალაძე, თ. |
| Relator term |
ავტორი |
| 9 (RLIN) |
24859 |
| 700 ## - ADDED ENTRY--PERSONAL NAME |
| Personal name |
ღვინეფაძე, ნ. |
| Relator term |
ავტორი |
| 9 (RLIN) |
24860 |
| 700 ## - ADDED ENTRY--PERSONAL NAME |
| Personal name |
ჩიტიძე, გ. |
| Relator term |
რედაქტორი |
| 9 (RLIN) |
24861 |
| 942 ## - ADDED ENTRY ELEMENTS (KOHA) |
| Koha item type |
წიგნი |
| Source of classification or shelving scheme |
|